000 00569nam a2200229Ia 4500
003 OSt
005 20220918213618.0
006 a|||||r|||| 00| 0
007 ta
008 220917b |||||||| |||| 00| 0 eng d
024 _a133,548
037 _cTextual
040 _aARTS
_cARTS
_beng
041 _2eng
_aeng
082 _aX:828, J3
100 _aHall Harold R
_9127742
245 0 _aSome observations on executive retirement
260 _c1953
650 _aECONOMICS
942 _hX:828, J3
_cTEXL
_2CC
999 _c256656
_d256656